Famous Ancient Romans - Statistics

General Stats
  • This quiz has been taken 85,317 times
    37,443 since last reset
  • The average score is 11 of 20
Answer Stats
Clue Answer % Correct
He crossed the Rubicon, but didn't survive the Ides of March Julius Caesar
99%
The first emperor of Rome Augustus
89%
Most famous assassin of the above Brutus
87%
He didn't actually fiddle as Rome burned Nero
87%
Emperor who built a wall in northern England Hadrian
76%
Gladiator who led a slave revolt Spartacus
71%
The first Christian emperor of Rome Constantine
68%
Called "little boot", this emperor was utterly insane Caligula
64%
Friends, Romans, countrymen, lend him your ears Mark Antony
52%
Emperor who was also a stoic philosopher Marcus Aurelius
51%
Famous orator in the waning days of the Roman Republic Cicero
45%
Poet who wrote "Metamorphoses" Ovid
45%
Author of the "Aeneid" Virgil
40%
Emperor under whom the empire reached its greatest territorial extent Trajan
37%
General who crushed Carthage in the Second Punic War Scipio Africanus
36%
Member of the First Triumvirate known for his enormous wealth Crassus
35%
Name shared by two conservative Senators, "elder" and "younger" Cato
27%
Two brothers who launched populist reforms in the 100s BC,but were killed for their efforts Tiberius and GaiusGracchus
19%
Wife of the above, who some consider a conspiratorial mastermind Livia
18%
Ancient Rome's most famous doctor Galen
14%
No matching quizzes found
Score Distribution
Percent of People with Each Score
Percentile by Number Answered
Your Score History
You have not taken this quiz since the last reset